| 000 | 00666nam a2200229Ia 4500 | ||
|---|---|---|---|
| 003 | OSt | ||
| 005 | 20221007081831.0 | ||
| 006 | a|||||r|||| 00| 0 | ||
| 007 | ta | ||
| 008 | 221006b |||||||| |||| 00| 0 eng d | ||
| 024 | _a28,343 | ||
| 037 | _cReports / Technical Reports | ||
| 040 |
_aFLL _cFLL _beng |
||
| 041 |
_2eng _aeng |
||
| 082 | _aZ73:8, J5;1 | ||
| 100 |
_aVanderbilt Arthur T. _9627315 |
||
| 245 | 0 | _aChallenge of law reform | |
| 260 |
_aPrinceton _bPrinceton University Press New Jersey _c1955 |
||
| 300 |
_avi,194p _ccm. |
||
| 942 |
_hZ73:8, J5;1 _cREP _2CC |
||
| 999 |
_c1164427 _d1164427 |
||